[Event "Rottach Egern Seniors Cup 13th"]
[Site "Rottach Egern"]
[Date "2025.04.03"]
[Round "6"]
[White "Schulz, Michael"]
[Black "Schmahl, Stephan"]
[Result "1/2-1/2"]
[WhiteElo "2070"]
[BlackElo "1955"]
[PlyCount "107"]
[EventDate "2025.03.29"]
[EventType "swiss"]
[EventRounds "9"]
[EventCountry "GER"]
[SourceTitle "CB16_2025"]
[SourceDate "2025.04.16"]
[SourceVersion "1"]
[SourceVersionDate "2025.04.16"]
[SourceQuality "1"]

1. d4 Nf6 2. c4 e6 3. Nc3 Bb4 4. Qb3 Ba5 5. Nf3 c5 6. d5 exd5 7. cxd5 d6 8. Bf4 0-0 9. e3 a6 10. a4 b5 11. axb5 axb5 12. Nd2 Bb7 13. Rd1 Bxc3 14. bxc3 Bxd5 15. Qxb5 Bc6 16. Qc4 Ra4 17. Qd3 d5 18. Be2 Re8 19. 0-0 Nbd7 20. Bf3 Qe7 21. h3 Rea8 22. Qf5 Ra2 23. c4 Ba4 24. cxd5 Bxd1 25. Rxd1 Ra1 26. Rxa1 Rxa1+ 27. Kh2 Ra2 28. e4 g6 29. Qg5 h6 30. Qg3 Rxd2 31. Bxd2 Nxe4 32. Bxe4 Qxe4 33. d6 Kg7 34. f3 Qd4 35. Qf4 Qxf4+ 36. Bxf4 g5 37. Bg3 Kg6 38. Kg1 Kf5 39. Kf2 Ke6 40. f4 f5 41. Ke3 Nf6 42. Kd3 Ne4 43. fxg5 hxg5 44. Be1 Nxd6 45. g3 Kd5 46. h4 gxh4 47. gxh4 f4 48. h5 c4+ 49. Ke2 Ke4 50. h6 Nf7 51. h7 Kf5 52. Bc3 Kg6 53. h8Q Nxh8 54. Bxh8 1/2-1/2

[Event "Rottach Egern Seniors Cup 13th"]
[Site "Rottach Egern"]
[Date "2025.03.30"]
[Round "2"]
[White "Schulz, Michael"]
[Black "Haserodt, Jan"]
[Result "1-0"]
[WhiteElo "2070"]
[BlackElo "1923"]
[PlyCount "109"]
[EventDate "2025.03.29"]
[EventType "swiss"]
[EventRounds "9"]
[EventCountry "GER"]
[SourceTitle "CB16_2025"]
[SourceDate "2025.04.16"]
[SourceVersion "1"]
[SourceVersionDate "2025.04.16"]
[SourceQuality "1"]

1. d4 Nf6 2. c4 g6 3. Nc3 d5 4. Bf4 Bg7 5. Nf3 0-0 6. Rc1 c6 7. e3 Qa5 8. Qb3 dxc4 9. Bxc4 Ne4 10. 0-0 Nd6 11. Bd3 Nd7 12. Rfd1 Qb6 13. Qa3 a5 14. Ne4 Nxe4 15. Bxe4 Nf6 16. Bb1 Qb4 17. Qxb4 axb4 18. e4 Rd8 19. Bc7 Re8 20. b3 Be6 21. Ng5 Bg4 22. f3 h6 23. fxg4 hxg5 24. h3 e6 25. Bd6 Rad8 26. Bxb4 e5 27. dxe5 Rxd1+ 28. Rxd1 Rxe5 29. Rd8+ Kh7 30. Bd6 Re6 31. e5 Nd5 32. Rd7 Kg8 33. Bd3 Bxe5 34. Bxe5 Rxe5 35. Rxb7 Re1+ 36. Kh2 Rd1 37. Bc4 Rd2 38. Bxd5 cxd5 39. a4 d4 40. a5 Ra2 41. b4 d3 42. Rd7 Ra4 43. Rxd3 Rxb4 44. Ra3 Rb7 45. a6 Ra7 46. Kg3 Kf8 47. Kf3 Ke7 48. g3 Ke6 49. h4 gxh4 50. gxh4 f5 51. g5 Kd6 52. Kf4 Ke6 53. Ra5 Kf7 54. Ke5 Kg7 55. Kd5 1-0

[Event "Rottach Egern Seniors Cup 13th"]
[Site "Rottach Egern"]
[Date "2025.03.29"]
[Round "1"]
[White "Doetzel, Hartwig"]
[Black "Schulz, Michael"]
[Result "0-1"]
[WhiteElo "1831"]
[BlackElo "2070"]
[PlyCount "116"]
[EventDate "2025.03.29"]
[EventType "swiss"]
[EventRounds "9"]
[EventCountry "GER"]
[SourceTitle "CB16_2025"]
[SourceDate "2025.04.16"]
[SourceVersion "1"]
[SourceVersionDate "2025.04.16"]
[SourceQuality "1"]

1. e4 c5 2. Nf3 g6 3. d4 cxd4 4. Nxd4 Nc6 5. Be3 Bg7 6. Nc3 Nf6 7. Be2 0-0 8. 0-0 d5 9. exd5 Nxd5 10. Nxd5 Qxd5 11. Bf3 Qc4 12. Nxc6 bxc6 13. Qd3 Qxd3 14. cxd3 Bf5 15. d4 Rab8 16. b3 c5 17. Rad1 cxd4 18. Bxd4 Rb5 19. Bxg7 Kxg7 20. Rfe1 Be6 21. Rc1 Ra5 22. Re2 Rd8 23. Rb2 Rd6 24. Be2 Kf6 25. f3 Ke5 26. Kf2 f5 27. Rc7 Kf6 28. Bc4 Bxc4 29. Rxc4 g5 30. g3 e5 31. Rbc2 Ke6 32. Ke3 h5 33. Rc6 Rxc6 34. Rxc6+ Kd5 35. Rc2 f4+ 36. gxf4 exf4+ 37. Kd3 Ra6 38. Rg2 Rg6 39. h3 Ke5 40. b4 Kf5 41. a4 Re6 42. Re2 Rd6+ 43. Kc2 g4 44. fxg4+ hxg4 45. hxg4+ Kxg4 46. Re7 a6 47. Kc3 f3 48. b5 a5 49. Kc4 Rf6 50. Re1 Rf4+ 51. Kc5 Rxa4 52. Rb1 Rf4 53. b6 f2 54. b7 Rf8 55. Kb5 Rb8 56. Kxa5 Rxb7 57. Rxb7 f1Q 58. Rg7+ Kh5 0-1

[Event "WchT Seniors 65"]
[Site "Prague"]
[Date "2025.02.21"]
[Round "5.39"]
[White "Zuelle, Bruno"]
[Black "Schulz, Michael"]
[Result "0-1"]
[WhiteElo "2038"]
[BlackElo "2115"]
[PlyCount "86"]
[EventDate "2025.02.17"]
[EventType "team-swiss"]
[EventRounds "9"]
[EventCountry "CZE"]
[SourceTitle "CB09_2025"]
[SourceDate "2025.02.27"]
[SourceVersion "1"]
[SourceVersionDate "2025.02.27"]
[SourceQuality "1"]
[WhiteTeam "Riehen 65"]
[BlackTeam "Berlin 65"]
[WhiteTeamCountry "SUI"]
[BlackTeamCountry "GER"]

1. c4 e5 2. Nc3 Nf6 3. g3 d5 4. cxd5 Nxd5 5. Bg2 Nb6 6. Nf3 Nc6 7. 0-0 Be7 8. d3 0-0 9. Be3 Re8 10. a3 Bf8 11. Rc1 a5 12. Na4 Nd4 13. Nxb6 cxb6 14. Nxd4 exd4 15. Bf4 Bc5 16. Re1 a4 17. Rc4 Qd7 18. e4 Qb5 19. Rc2 Be6 20. Rd2 Qd7 21. e5 h6 22. h4 Be7 23. h5 b5 24. Bf3 b4 25. Qa1 Rac8 26. Rc1 Rxc1+ 27. Qxc1 Rc8 28. Qa1 b5 29. axb4 Bxb4 30. Rd1 Bd5 31. Bxd5 Qxd5 32. Rc1 Rc5 33. Rxc5 Qxc5 34. Qd1 Qc6 35. Qg4 a3 36. bxa3 Bxa3 37. Bd2 Bc5 38. f4 Qe6 39. Qf3 Qa2 40. Qc6 Qxd2 41. Qxc5 Qxd3 42. Qc8+ Kh7 43. Qg4 b4 0-1

[Event "WchT Seniors 65"]
[Site "Prague"]
[Date "2025.02.20"]
[Round "4.39"]
[White "Schulz, Michael"]
[Black "Baimurzin, Aitkazy"]
[Result "0-1"]
[WhiteElo "2115"]
[BlackElo "1997"]
[PlyCount "72"]
[EventDate "2025.02.17"]
[EventType "team-swiss"]
[EventRounds "9"]
[EventCountry "CZE"]
[SourceTitle "CB09_2025"]
[SourceDate "2025.02.27"]
[SourceVersion "1"]
[SourceVersionDate "2025.02.27"]
[SourceQuality "1"]
[WhiteTeam "Berlin 65"]
[BlackTeam "Kazakhstan 65"]
[WhiteTeamCountry "GER"]
[BlackTeamCountry "KAZ"]

1. d4 d6 2. e4 Nf6 3. Nc3 a6 4. a4 g6 5. Be2 Bg7 6. h3 0-0 7. Nf3 b6 8. Bg5 Bb7 9. e5 Nfd7 10. exd6 cxd6 11. Qd2 Re8 12. 0-0 Nf6 13. Bh6 Bh8 14. Rad1 Nbd7 15. Ng5 Qc7 16. f4 e6 17. Bf3 d5 18. g4 Rad8 19. Bg2 Bc6 20. f5 e5 21. Nxf7 Kxf7 22. fxg6+ hxg6 23. g5 e4 24. gxf6 Re6 25. Bf4 Qa7 26. Be5 Bxf6 27. Qh6 Rg8 28. h4 Nxe5 29. dxe5 b5+ 30. Kh1 Rxe5 31. Nxe4 dxe4 32. Rd6 Re6 33. Qf4 Qe7 34. Rfd1 Rh8 35. Rxe6 Qxe6 36. Qc7+ Be7 0-1

[Event "Titled Tuesday intern op 21st Jan Late"]
[Site "Chess.com INT"]
[Date "2025.01.21"]
[Round "8"]
[White "Lutz, Igor Oscar"]
[Black "Schulz, Michael"]
[Result "1-0"]
[WhiteElo "1971"]
[BlackElo "2135"]
[PlyCount "91"]
[EventDate "2025.01.21"]
[EventType "swiss (blitz)"]
[EventRounds "11"]
[EventCountry "USA"]
[SourceTitle "CB05_2025"]
[SourceDate "2025.01.29"]
[SourceVersion "1"]
[SourceVersionDate "2025.01.29"]
[SourceQuality "1"]

1. d4 Nf6 2. c4 c5 3. d5 e6 4. Nc3 exd5 5. cxd5 d6 6. Nf3 a6 7. a4 g6 8. g3 Bg7 9. Bg2 0-0 10. Nd2 Nbd7 11. Nc4 Nb6 12. Na3 Bd7 13. 0-0 Re8 14. Bf4 Nc8 15. Nc4 Qe7 16. a5 Bb5 17. Nxb5 axb5 18. Nb6 Nxb6 19. axb6 Ra6 20. Rxa6 bxa6 21. Qa1 Qb7 22. Qa5 Rb8 23. Bxd6 Qxb6 24. Qxb6 Rxb6 25. Bxc5 Rb8 26. b4 Nd7 27. Be7 Rc8 28. d6 Rc2 29. Bh3 f5 30. e4 Ne5 31. exf5 gxf5 32. Bxf5 Rd2 33. Be6+ Kh8 34. Rc1 h5 35. Rc8+ Kh7 36. Bf5+ Kh6 37. h4 Nf3+ 38. Kg2 Ne1+ 39. Kf1 Nf3 40. d7 Bd4 41. Bg5+ Nxg5 42. hxg5+ Kxg5 43. d8Q+ Kxf5 44. Rc5+ Ke4 45. Qd5+ Kd3 46. Qf3+ 1-0

[Event "Titled Tuesday intern op 24th Sep Late"]
[Site "Chess.com INT"]
[Date "2024.09.24"]
[Round "10"]
[White "Guzman Lozano, Campo Elias"]
[Black "Schulz, Michael"]
[Result "1-0"]
[WhiteElo "1868"]
[BlackElo "2137"]
[PlyCount "117"]
[EventDate "2024.09.24"]
[EventType "swiss (blitz)"]
[EventRounds "11"]
[EventCountry "USA"]
[SourceTitle "EXT 2025"]
[Source "ChessBase"]
[SourceDate "2024.10.14"]
[SourceVersion "1"]
[SourceVersionDate "2024.10.14"]
[SourceQuality "1"]

1. d4 Nf6 2. Bg5 Ne4 3. h4 h6 4. Bf4 e6 5. f3 Bd6 6. Nh3 Qxh4+ 7. g3 Nxg3 8. Bxg3 Bxg3+ 9. Kd2 Qxd4+ 10. Kc1 Nc6 11. Qxd4 Nxd4 12. c3 Nc6 13. e3 d5 14. Nd2 Bh4 15. Rg1 Bf6 16. Kc2 e5 17. Nf2 Be6 18. Bb5 0-0-0 19. Bxc6 bxc6 20. Ng4 Bf5+ 21. Kb3 Kd7 22. Nxf6+ gxf6 23. e4 Rb8+ 24. Kc2 Bg6 25. Rae1 Ke6 26. Kc1 h5 27. Nb3 Rb5 28. f4 Bxe4 29. fxe5 fxe5 30. Nd2 Bf5 31. Nf3 f6 32. Nd4+ Kd6 33. Nxf5+ Kd7 34. Rg7+ Kc8 35. Reg1 h4 36. Rh1 h3 37. Rg3 d4 38. cxd4 exd4 39. Nxd4 Rc5+ 40. Kb1 Rh4 41. Nf3 Rhc4 42. Rgxh3 a5 43. Nd2 Rf4 44. Rc3 Rxc3 45. bxc3 Rf2 46. Kc1 a4 47. Rh4 a3 48. Ra4 Kd7 49. Rxa3 Kd6 50. Ra4 Kd5 51. Rd4+ Ke5 52. a4 f5 53. Nc4+ Ke6 54. a5 Ra2 55. Kb1 Ra4 56. Kb2 c5 57. Rh4 Kd5 58. Ne3+ Kc6 59. Rxa4 1-0

[Event "Titled Tuesday intern op 24th Sep Late"]
[Site "Chess.com INT"]
[Date "2024.09.24"]
[Round "5"]
[White "Schulz, Michael"]
[Black "Hernandez Izquierdo, Jose A"]
[Result "0-1"]
[WhiteElo "2137"]
[BlackElo "2227"]
[PlyCount "52"]
[EventDate "2024.09.24"]
[EventType "swiss (blitz)"]
[EventRounds "11"]
[EventCountry "USA"]
[SourceTitle "EXT 2025"]
[Source "ChessBase"]
[SourceDate "2024.10.14"]
[SourceVersion "1"]
[SourceVersionDate "2024.10.14"]
[SourceQuality "1"]

1. d4 f5 2. Bg5 d6 3. e3 g6 4. h4 Bg7 5. h5 h6 6. Bf4 g5 7. Bg3 Nf6 8. Nd2 0-0 9. Bd3 Nc6 10. c3 e5 11. Qb3+ Kh8 12. 0-0-0 Qe7 13. Qc2 f4 14. exf4 exf4 15. Bh2 Ng4 16. Ndf3 d5 17. Re1 Qf7 18. Bg6 Qf6 19. g3 Bf5 20. Bxf5 Qxf5 21. gxf4 Qxc2+ 22. Kxc2 Nxf2 23. fxg5 Nxh1 24. gxh6 Bxh6 25. Be5+ Nxe5 26. Rxe5 c6 0-1

[Event "Titled Tuesday intern op 24th Sep Late"]
[Site "Chess.com INT"]
[Date "2024.09.24"]
[Round "2"]
[White "Schulz, Michael"]
[Black "Melillo, Lucius"]
[Result "0-1"]
[WhiteElo "2137"]
[BlackElo "2264"]
[PlyCount "50"]
[EventDate "2024.09.24"]
[EventType "swiss (blitz)"]
[EventRounds "11"]
[EventCountry "USA"]
[SourceTitle "EXT 2025"]
[Source "ChessBase"]
[SourceDate "2024.10.14"]
[SourceVersion "1"]
[SourceVersionDate "2024.10.14"]
[SourceQuality "1"]

1. d4 e6 2. Bf4 c5 3. e3 Qb6 4. Qc1 cxd4 5. Nf3 Nc6 6. Na3 Bb4+ 7. c3 Bxa3 8. bxa3 dxc3 9. Bd3 Nf6 10. 0-0 0-0 11. Rb1 Qd8 12. Qxc3 Nd5 13. Qc2 h6 14. Bd6 Re8 15. e4 Nde7 16. Rb5 b6 17. Rh5 Bb7 18. Qd2 Ng6 19. Rh3 e5 20. g3 Qf6 21. Bc4 Qxf3 22. Re1 Nd4 23. Re3 Bxe4 24. Rxe4 Qxe4 25. Rh4 Nf3+ 0-1

[Event "GER-ch Seniors 65 36th"]
[Site "Bad Wildungen"]
[Date "2024.08.30"]
[Round "8"]
[White "Schulz, Michael"]
[Black "Hanisch, Friedrich"]
[Result "1/2-1/2"]
[WhiteElo "2109"]
[BlackElo "2012"]
[PlyCount "111"]
[EventDate "2024.08.25"]
[EventType "swiss"]
[EventRounds "9"]
[EventCountry "GER"]
[SourceTitle "CBM 221 Extra"]
[Source "ChessBase"]
[SourceDate "2024.09.30"]
[SourceVersion "1"]
[SourceVersionDate "2024.09.30"]
[SourceQuality "1"]

1. d4 d5 2. Bf4 Nf6 3. e3 Bf5 4. c4 c6 5. Nc3 e6 6. Qb3 Qb6 7. c5 Qxb3 8. axb3 Nbd7 9. b4 Nh5 10. Nf3 Nxf4 11. exf4 Be7 12. b5 0-0 13. b4 f6 14. bxc6 bxc6 15. b5 Rfc8 16. bxc6 Rxc6 17. Bb5 Rc7 18. 0-0 a5 19. Rfe1 Kf7 20. Nh4 g6 21. h3 h5 22. Ra2 Nxc5 23. Nxf5 gxf5 24. dxc5 Rxc5 25. Bd7 Rxc3 26. Bxe6+ Kf8 27. Bxd5 Ra7 28. Rb1 a4 29. Be6 a3 30. Rb8+ Kg7 31. Rg8+ Kh7 32. Re8 Kg7 33. Bxf5 Rb3 34. Rc8 Rb2 35. Rc2 Rxc2 36. Bxc2 h4 37. Bb3 Rb7 38. Be6 Bd6 39. g3 hxg3 40. fxg3 Re7 41. Bd5 Re3 42. Kg2 Rd3 43. Be4 Rc3 44. Rd2 Bc5 45. h4 Be7 46. Rd7 Kf8 47. Rd2 Bb4 48. Rd8+ Ke7 49. Ra8 Rb3 50. Bd5 Rd3 51. Bg8 Be1 52. Kf1 Bxg3 53. Ke2 Rc3 54. Kd2 Rf3 55. Ke2 Rxf4 56. Rxa3 1/2-1/2

[Event "Titled Tuesday intern op 20th Aug Late"]
[Site "Chess.com INT"]
[Date "2024.08.20"]
[Round "8"]
[White "Santos, Isaque Goncalves"]
[Black "Schulz, Michael"]
[Result "0-1"]
[WhiteElo "1980"]
[BlackElo "2109"]
[PlyCount "106"]
[EventDate "2024.08.20"]
[EventType "swiss (blitz)"]
[EventRounds "11"]
[EventCountry "USA"]
[SourceTitle "EXT 2025"]
[Source "ChessBase"]
[SourceDate "2024.10.14"]
[SourceVersion "1"]
[SourceVersionDate "2024.10.14"]
[SourceQuality "1"]

1. d4 Nf6 2. c4 c5 3. d5 e6 4. Nc3 exd5 5. cxd5 d6 6. Nf3 a6 7. a4 g6 8. Nd2 Nbd7 9. Nc4 Nb6 10. Ne3 Bd7 11. a5 Nc8 12. Nc4 Bb5 13. e3 Bg7 14. Be2 0-0 15. 0-0 Bxc4 16. Bxc4 Ng4 17. f4 f5 18. h3 Nf6 19. g4 b5 20. axb6 Nxb6 21. Bxa6 Re8 22. Bd2 Ne4 23. Nxe4 Rxe4 24. Bd3 Rxa1 25. Qxa1 Qh4 26. Be1 Qxh3 27. Bxe4 Qxe3+ 28. Bf2 Qxe4 29. Re1 Qxf4 30. Re8+ Bf8 31. Qe1 Qxg4+ 32. Kf1 Qc4+ 33. Kg1 Qxd5 34. Qe7 Qf7 35. Qd8 Nc4 36. Bg3 f4 37. Bh4 Kg7 38. b3 Ne5 39. Bg5 Nf3+ 40. Kf2 Nxg5 41. Rxf8 Qxf8 42. Qxg5 Qf6 43. Qd5 Qe5 44. Qb7+ Kh6 45. Qh1+ Kg7 46. Qb7+ Kf6 47. Qxh7 Qb2+ 48. Kf3 Qxb3+ 49. Kxf4 Qc4+ 50. Kf3 Qd3+ 51. Kf2 Qf5+ 52. Ke2 Qh5+ 53. Qxh5 gxh5 0-1

[Event "Titled Tuesday intern op 20th Aug Early"]
[Site "Chess.com INT"]
[Date "2024.08.20"]
[Round "9"]
[White "Schulz, Michael"]
[Black "Baladjaev, Gara"]
[Result "1-0"]
[WhiteElo "2109"]
[BlackElo "2404"]
[PlyCount "75"]
[EventDate "2024.08.20"]
[EventType "swiss (blitz)"]
[EventRounds "11"]
[EventCountry "USA"]
[SourceTitle "EXT 2025"]
[Source "ChessBase"]
[SourceDate "2024.10.14"]
[SourceVersion "1"]
[SourceVersionDate "2024.10.14"]
[SourceQuality "1"]

1. d4 Nf6 2. Bg5 d5 3. Bxf6 exf6 4. e3 Bf5 5. Bd3 Bxd3 6. Qxd3 c6 7. Nf3 Be7 8. 0-0 0-0 9. Nc3 g6 10. e4 dxe4 11. Nxe4 f5 12. Nc3 Nd7 13. Rad1 Nf6 14. Rfe1 Bb4 15. a3 Bxc3 16. Qxc3 Re8 17. Qb3 Qd7 18. Ne5 Qc7 19. h3 Re7 20. Qa4 a6 21. Nc4 b5 22. Rxe7 Qxe7 23. Qa5 bxc4 24. c3 Nd5 25. Qa4 Qe2 26. Rf1 Ne7 27. Qb4 a5 28. Qb7 Re8 29. Qd7 Kf8 30. g3 Qe6 31. Qa7 Nd5 32. Qxa5 Nf6 33. Qc5+ Kg7 34. a4 Ne4 35. Qb6 Qd5 36. a5 Nd2 37. Rd1 Re2 38. Qc5 1-0

[Event "Titled Tuesday intern op 20th Aug Late"]
[Site "Chess.com INT"]
[Date "2024.08.20"]
[Round "2"]
[White "Schulz, Michael"]
[Black "Bhavikatti, Neil"]
[Result "0-1"]
[WhiteElo "2109"]
[BlackElo "1961"]
[PlyCount "136"]
[EventDate "2024.08.20"]
[EventType "swiss (blitz)"]
[EventRounds "11"]
[EventCountry "USA"]
[SourceTitle "EXT 2025"]
[Source "ChessBase"]
[SourceDate "2024.10.14"]
[SourceVersion "1"]
[SourceVersionDate "2024.10.14"]
[SourceQuality "1"]

1. d4 d5 2. Bg5 Nf6 3. Bxf6 gxf6 4. e3 e6 5. Nc3 f5 6. Qh5 Qf6 7. 0-0-0 Qg6 8. Qf3 a6 9. h3 h5 10. Nge2 Bd6 11. Nf4 Qh6 12. g3 Nd7 13. Bg2 Nf6 14. Nfxd5 exd5 15. Nxd5 Nxd5 16. Qxd5 Qe6 17. Qa5 Qc4 18. a3 Qb5 19. Qd2 Bd7 20. Bf1 Qd5 21. Bd3 Bb5 22. Kb1 Bxd3 23. Qxd3 0-0-0 24. c4 Qe4 25. c5 Qxd3+ 26. Rxd3 Bxc5 27. Rc3 Bd6 28. h4 Rhg8 29. Rhc1 Rde8 30. b4 f4 31. exf4 Re2 32. Rf3 Rge8 33. Rc2 Re1+ 34. Kb2 R8e4 35. Rd2 f5 36. Kc2 Kd7 37. Kd3 Ra1 38. Kc4 b5+ 39. Kb3 Rae1 40. a4 Rb1+ 41. Kc2 Rxb4 42. axb5 axb5 43. Rb3 Rc4+ 44. Kb2 b4 45. Rbd3 Rc6 46. Kb3 Ra6 47. Kc4 Ra3 48. Rxa3 bxa3 49. Kb3 Re1 50. Ka2 Ke6 51. d5+ Kf6 52. Rc2 Re4 53. Rd2 Ke7 54. f3 Re3 55. g4 fxg4 56. fxg4 hxg4 57. Rg2 g3 58. h5 Rf3 59. Rg1 Rf2+ 60. Kb3 Rf3+ 61. Ka2 Bxf4 62. h6 Bxh6 63. Re1+ Kd7 64. Re6 Bf4 65. Rf6 g2 66. Rg6 Rg3 67. Rf6 g1Q 68. Rxf4 Qh2+ 0-1

[Event "Titled Tuesday intern op 20th Aug Late"]
[Site "Chess.com INT"]
[Date "2024.08.20"]
[Round "11"]
[White "Schulz, Michael"]
[Black "Korpics, Zsolt"]
[Result "0-1"]
[WhiteElo "2109"]
[BlackElo "2300"]
[PlyCount "82"]
[EventDate "2024.08.20"]
[EventType "swiss (blitz)"]
[EventRounds "11"]
[EventCountry "USA"]
[SourceTitle "EXT 2025"]
[Source "ChessBase"]
[SourceDate "2024.10.14"]
[SourceVersion "1"]
[SourceVersionDate "2024.10.14"]
[SourceQuality "1"]

1. e4 c5 2. Nc3 Nc6 3. f4 g6 4. Nf3 Bg7 5. Bc4 e6 6. f5 Nge7 7. fxe6 fxe6 8. 0-0 0-0 9. d3 d5 10. Bb3 Na5 11. Bg5 Nxb3 12. axb3 b6 13. Bxe7 Qxe7 14. exd5 exd5 15. Nxd5 Qd6 16. Nc3 Bb7 17. Qd2 a6 18. Rae1 Rf5 19. Ne4 Qd5 20. Ng3 Rf7 21. c3 Raf8 22. Ng5 Rxf1+ 23. Rxf1 Rxf1+ 24. Nxf1 Qxb3 25. Qf4 Qd5 26. Qb8+ Bf8 27. Ne3 Qxg5 28. Qxb7 Qxe3+ 29. Kf1 Qxd3+ 30. Kf2 Qf5+ 31. Kg3 Qg5+ 32. Kf2 Qf6+ 33. Kg1 Qe7 34. Qd5+ Qf7 35. Qc6 Bh6 36. g3 Be3+ 37. Kg2 Qf2+ 38. Kh3 Qf1+ 39. Kh4 Qf5 40. Qe8+ Kg7 41. Qxe3 Qh5# 0-1

[Event "Titled Tuesday intern op 20th Aug Late"]
[Site "Chess.com INT"]
[Date "2024.08.20"]
[Round "9"]
[White "Schulz, Michael"]
[Black "Kracht, Raphael"]
[Result "1/2-1/2"]
[WhiteElo "2109"]
[BlackElo "2177"]
[PlyCount "123"]
[EventDate "2024.08.20"]
[EventType "swiss (blitz)"]
[EventRounds "11"]
[EventCountry "USA"]
[SourceTitle "EXT 2025"]
[Source "ChessBase"]
[SourceDate "2024.10.14"]
[SourceVersion "1"]
[SourceVersionDate "2024.10.14"]
[SourceQuality "1"]

1. e4 c6 2. Nf3 d5 3. exd5 cxd5 4. Ne5 Bd7 5. d4 Nc6 6. Nxd7 Qxd7 7. c3 e6 8. Bd3 Bd6 9. 0-0 Nge7 10. Nd2 0-0-0 11. Nf3 Kb8 12. b4 Ng6 13. a4 Nce7 14. a5 f5 15. Re1 Rhe8 16. Bg5 h6 17. Bxe7 Qxe7 18. a6 b6 19. Bxf5 Nf4 20. Ne5 Bxe5 21. Rxe5 Qg5 22. Bh3 Nxh3+ 23. Kf1 Qh4 24. gxh3 Qxh3+ 25. Kg1 Rf8 26. Re3 Qh4 27. Rg3 Rf5 28. Qe2 Rh5 29. h3 Rg5 30. Qf3 Rf5 31. Qg4 Qxg4 32. hxg4 Rf4 33. Re1 Re8 34. Kg2 Kc7 35. g5 h5 36. b5 g6 37. Rf3 Rxf3 38. Kxf3 Rf8+ 39. Kg3 Kd6 40. f4 Rc8 41. Re3 Rc4 42. f5 gxf5 43. Kf4 Rc8 44. Rh3 e5+ 45. dxe5+ Ke6 46. Rxh5 Rc4+ 47. Kf3 Kxe5 48. Rh7 Rxc3+ 49. Ke2 Rg3 50. Rxa7 Kd4 51. Rb7 Rxg5 52. a7 Rg2+ 53. Kf3 Ra2 54. Rxb6 Rxa7 55. Kf4 Kc4 56. Kxf5 Kc5 57. Rb8 Rf7+ 58. Ke6 Rc7 59. b6 Rc6+ 60. Ke5 Rxb6 61. Rxb6 Kxb6 62. Kxd5 1/2-1/2

[Event "Titled Tuesday intern op 20th Aug Early"]
[Site "Chess.com INT"]
[Date "2024.08.20"]
[Round "5"]
[White "Schulz, Michael"]
[Black "Levitan, Caleb Levi"]
[Result "0-1"]
[WhiteElo "2109"]
[BlackElo "2193"]
[PlyCount "98"]
[EventDate "2024.08.20"]
[EventType "swiss (blitz)"]
[EventRounds "11"]
[EventCountry "USA"]
[SourceTitle "EXT 2025"]
[Source "ChessBase"]
[SourceDate "2024.10.14"]
[SourceVersion "1"]
[SourceVersionDate "2024.10.14"]
[SourceQuality "1"]

1. d4 d5 2. Bg5 c6 3. Nd2 Qb6 4. e3 Bf5 5. Bd3 Bxd3 6. cxd3 e6 7. Ngf3 Nd7 8. 0-0 Bd6 9. Qc2 Ne7 10. e4 h6 11. Bxe7 Bxe7 12. a3 0-0 13. b4 a5 14. Rfb1 axb4 15. axb4 Rxa1 16. Rxa1 Bxb4 17. Nb3 Be7 18. h3 Nb8 19. Nc5 Bxc5 20. dxc5 Qc7 21. d4 dxe4 22. Qxe4 Nd7 23. Ra7 Qb8 24. Ra2 Rd8 25. Qb1 b5 26. cxb6 Qxb6 27. Rb2 Qa5 28. Rc2 Qd5 29. Qc1 Nb8 30. Rc5 Qe4 31. Qc3 Rd6 32. Qa5 Nd7 33. Rc1 Nf6 34. Qc7 Rd7 35. Qxc6 Qxc6 36. Rxc6 Kf8 37. g3 Ke7 38. Kg2 Nd5 39. Ne5 Ra7 40. Rc2 Kf6 41. h4 Ra4 42. Rd2 Ke7 43. Nc6+ Kd6 44. Ne5 f6 45. Ng6 Nc3 46. Nf4 Nb5 47. d5 e5 48. Ne6 Ra7 49. f4 exf4 0-1

[Event "Kiel op 36th"]
[Site "Kiel"]
[Date "2024.08.02"]
[Round "9"]
[White "Schulz, Michael"]
[Black "Lanka, Zigurds"]
[Result "1/2-1/2"]
[WhiteElo "2109"]
[BlackElo "2353"]
[PlyCount "152"]
[EventDate "2024.07.27"]
[EventType "swiss"]
[EventRounds "9"]
[EventCountry "GER"]
[SourceTitle "EXT 2025"]
[Source "ChessBase"]
[SourceDate "2024.10.14"]
[SourceVersion "1"]
[SourceVersionDate "2024.10.14"]
[SourceQuality "1"]

1. d4 Nf6 2. Bg5 e6 3. Nd2 h6 4. Bh4 c5 5. e3 cxd4 6. exd4 Be7 7. Bd3 Nc6 8. c3 0-0 9. Ngf3 Nd5 10. Bxe7 Ncxe7 11. c4 Nf4 12. Bf1 b6 13. g3 Nfg6 14. Bg2 Bb7 15. 0-0 d5 16. Ne5 Nxe5 17. dxe5 Qc7 18. Qe2 Rac8 19. Rac1 Ba6 20. b3 Qc5 21. Rfe1 Rc7 22. h4 Rfc8 23. Qh5 Qa5 24. Qd1 b5 25. b4 Qxb4 26. Rb1 Qc5 27. cxb5 Bxb5 28. Nb3 Qa3 29. Nd4 Ba4 30. Qd2 Nc6 31. Re3 Qe7 32. Nxc6 Rxc6 33. Qa5 Bc2 34. Rb2 Rc5 35. Qb4 Qd8 36. Ra3 a5 37. Qd4 Qc7 38. f4 Rc4 39. Qb6 a4 40. Qxc7 R4xc7 41. Kh2 d4 42. Rb6 Rd8 43. Bf1 g5 44. hxg5 hxg5 45. fxg5 Rc5 46. Bd3 Bxd3 47. Rxd3 Rxe5 48. Rb4 Re2+ 49. Kh3 e5 50. Rxa4 Kg7 51. Kg4 Rf2 52. a3 Rd6 53. Rb4 Kg6 54. a4 Rf5 55. a5 Rxg5+ 56. Kf3 Kf5 57. Rb5 Rdg6 58. Kf2 Ke4 59. Ra3 Rf5+ 60. Kg2 Rff6 61. Ra1 Re6 62. Re1+ Kd3 63. Rexe5 Rxe5 64. Rxe5 Rf6 65. g4 Kd2 66. Rf5 Ra6 67. Kf3 Ra7 68. a6 d3 69. Ra5 Kc2 70. Rc5+ Kd1 71. Rc6 d2 72. Kf2 Re7 73. Rc8 Rd7 74. Rc6 Ra7 75. Kf1 Ra8 76. Kf2 Ra7 1/2-1/2

[Event "Kiel op 36th"]
[Site "Kiel"]
[Date "2024.07.30"]
[Round "6"]
[White "Althoff, Ralph"]
[Black "Schulz, Michael"]
[Result "0-1"]
[WhiteElo "2000"]
[BlackElo "2109"]
[PlyCount "76"]
[EventDate "2024.07.27"]
[EventType "swiss"]
[EventRounds "9"]
[EventCountry "GER"]
[SourceTitle "EXT 2025"]
[Source "ChessBase"]
[SourceDate "2024.10.14"]
[SourceVersion "1"]
[SourceVersionDate "2024.10.14"]
[SourceQuality "1"]

1. e4 c5 2. Nf3 Nc6 3. Bb5 Na5 4. 0-0 a6 5. Be2 b5 6. d4 cxd4 7. Nxd4 Bb7 8. Bf3 g6 9. Nc3 Bg7 10. Re1 d6 11. g3 e6 12. Bg2 Ne7 13. h4 Nc4 14. a4 Qb6 15. Nb3 b4 16. a5 Qc7 17. Na2 Nxb2 18. Qe2 Na4 19. Rb1 Nc3 20. Nxc3 Bxc3 21. Rd1 Rc8 22. Be3 0-0 23. h5 Nc6 24. Bb6 Qe7 25. Qd3 Rfd8 26. Bxd8 Rxd8 27. hxg6 hxg6 28. Qe3 Qc7 29. Qg5 Kg7 30. f4 Bf6 31. Qg4 Nxa5 32. Nd4 Bxd4+ 33. Rxd4 Qc5 34. Rbd1 Nc6 35. f5 Nxd4 36. f6+ Kxf6 37. e5+ dxe5 38. Bxb7 Nf5+ 0-1

[Event "Kiel op 36th"]
[Site "Kiel"]
[Date "2024.07.28"]
[Round "4"]
[White "Bahr, Torsten"]
[Black "Schulz, Michael"]
[Result "0-1"]
[WhiteElo "1927"]
[BlackElo "2109"]
[PlyCount "64"]
[EventDate "2024.07.27"]
[EventType "swiss"]
[EventRounds "9"]
[EventCountry "GER"]
[SourceTitle "EXT 2025"]
[Source "ChessBase"]
[SourceDate "2024.10.14"]
[SourceVersion "1"]
[SourceVersionDate "2024.10.14"]
[SourceQuality "1"]

1. d4 Nf6 2. Nc3 c5 3. Nf3 cxd4 4. Nxd4 Nc6 5. Bg5 Qa5 6. Bxf6 gxf6 7. e4 e6 8. a3 a6 9. Be2 Nxd4 10. Qxd4 Qe5 11. 0-0-0 Qxd4 12. Rxd4 Bc5 13. Rd3 Ke7 14. f4 b5 15. Rhd1 Ra7 16. Bf3 Rc7 17. g4 Bb7 18. e5 Bxf3 19. Rxf3 Rhc8 20. exf6+ Kxf6 21. Ne4+ Ke7 22. Nxc5 Rxc5 23. Rd2 Rc4 24. Rdf2 Kf6 25. h4 h5 26. Rg3 Rg8 27. Rd3 hxg4 28. h5 g3 29. Rg2 Rxf4 30. Rdxg3 Rxg3 31. Rxg3 Rh4 32. Rf3+ Ke7 0-1